Comida Natalícia - Statistics

Estatísticas Gerais
  • Esse quiz foi jogado 204 vezes
  • A pontuação média é 2 de 19
Estatísticas das Respostas
Hint Resposta % Correto
18. Peru
95%
13. Arroz Doce
15%
10. Rabanadas
14%
5. Bolo Rei
13%
8. Sonhos
13%
14. Aletria
9%
6. Bolo de Rainha
7%
7. Filhoses
6%
16. Cabrito
5%
9. Tronco de Natal
5%
15. Biscoitos
4%
11. Azevias
2%
1. Bacalhau cozido com couves
2%
17. Borrego
2%
3. Coscorões
2%
12. Broas de Mel
1%
4. Farófias
1%
17. Lampreia de ovos
1%
2. Polvo á lagareiro
0%
Nenhum quiz correspondente encontrado
Distribuição das Pontuações
Porcentagem de Pessoas com Cada Pontuação
Percentil de Números Respondidos
Sua Pontuação Histórica
Você não jogou esse quiz